00938nas a2200277Ia 4500001001200000003001000012008004100022040002500063041001300088100001800101210002100119222002100140245003900161250001100200260000900211501012300220300001200343362001800355500004100373650003500414700001100449942000700460957000600467999003300473952015400506dg73-33687 IT-MiCISF161014c99999999xx |||||||||||| ||und|| aIT-MiCISFcIT-MiCISF aITALIANO aMartin Claude aAdista. Contesti aAdista. Contesti 0aCi si è ristretta la famiglia... a1a ed. c2001 bCISF - Centro Internazionale Studi Famiglia - Via Giotto, 36 20145 MILANO (non commercial uses only)cCopyright 2016 app. 7-8 a n. 48 [2001] a Tema: politica-familiare, società apolitica familiarevintervista aAA.VV. cCR 71 a33687bSig1c220715d220715 0010406DG_733368771aCISFbCISFd2016-10-14l0odg73-33687 r2016-10-14 00:00:00w2016-10-14yCRzData import 15.10.2016 / by Epidotti, Vaglietti